Mutation and polyploidy breeding in Hevea brasiliensis Muell. Arg. (Record no. 49360)

MARC details
000 -LEADER
fixed length control field 00481nam a2200157Ia 4500
100 ## - MAIN ENTRY--AUTHOR NAME
Personal name Markose V.C.
245 #0 - TITLE STATEMENT
Title Mutation and polyploidy breeding in Hevea brasiliensis Muell. Arg.
260 ## - PUBLICATION, DISTRIBUTION, ETC. (IMPRINT)
Name of publisher IRRDB Scientific Symposium, Part I, 26-28 September 1974, Cochin, India.
Year of publication 1974
650 ## - SUBJECT ADDED ENTRY--TOPICAL TERM
Topical Term Mutation
650 ## - SUBJECT ADDED ENTRY--TOPICAL TERM
Topical Term Polyploid
700 ## - ADDED ENTRY--PERSONAL NAME
Personal name Nair V.K.B.
700 ## - ADDED ENTRY--PERSONAL NAME
Personal name Saraswathyamma C.K.
700 ## - ADDED ENTRY--PERSONAL NAME
Personal name Sulochanamma S.
942 ## - ADDED ENTRY ELEMENTS (KOHA)
Koha item type Bibliography STAF
Holdings
Withdrawn status Lost status Damaged status Not for loan Home library Current library Shelving location Date acquired Koha item type
      Bibliography RRII Library RRII Library Botany 09/04/2014 Bibliography STAF